Most touristy countries - Statistics

General Stats
  • This quiz has been taken 78 times
    24 since last reset
  • The average score is 18 of 25
Answer Stats
Tourists Country % Correct
83.7 mill France
100%
48.6 mill Italy
100%
65 mill Spain
100%
32.6 mill United Kingdom
100%
55.6 mill China
95%
33 mill Germany
95%
74.8 mill USA
95%
25.3 mill Austria
90%
16.5 mill Canada
90%
22 mill Greece
90%
29.8 mill Russia
90%
13.4 mill Japan
86%
13.9 mill Netherlands
86%
39.8 mill Turkey
86%
29.1 mill Mexico
81%
24.8 mill Thailand
76%
16.6 mill Poland
71%
14.2 mill South Korea
62%
12.1 mill Hungary
57%
12.7 mill Ukraine
48%
11.6 mill Croatia
43%
11.9 mill Singapore
43%
27.4 mill Malaysia
33%
27.8 mill Hong Kong
24%
14.6 mill Macao, China
5%
No matching quizzes found
Score Distribution
Percent of People with Each Score
Percentile by Number Answered
Your Score History
You have not taken this quiz since the last reset